000 00836 a2200169 4500
003 Nust
005 20230120102543.0
040 _cNust
082 _a808.83,BRI
100 _aBridge , Ann
_9107213
245 _aFrontier Passage /
_cAnn Bridge
260 _aLondon
_bChatto & Windus
300 _a250:p
505 _aThe Far Side Madrid (Page-2), The Far Side Madrid (Page-17), This Side St. Jean-de-Luz (Page-33), This Side St. Jean-de-Luz (Page-52), The Far Side- Almadera (Page-68), This Side- St. Jean-de-Luz (Page-83), Under-The Grotte De Sare (Page-103), The Far Side-Almadera and Barcelona (Page-125), This Side St. Jean-de-Luz (Page-142), This Side St. Jean-de-Luz (Page-168), On the Grest (Page-187), The Side-Amelie-Les-Bains (Page-208), This Side-Prats-De-Mollo (Page-228).
650 _aNovel
_92525
942 _2ddc
_cBK
999 _c186857
_d186857